03549cam a22012734i 4500003000900000005001700009008004100026020001800067035002700085040004300112049000900155082001900164100004300183245008200226250002300308264005200331300005400383336002100437337002500458338002300483490001600506504003900522505035200561526000900913526000900922526000900931526000900940526000900949526000900958526000900967526000900976526000900985526000900994526000901003526000901012526000901021526000901030526000901039526000901048526000901057526000901066526000901075526000901084526000901093526000901102526000901111526000901120526000901129526000901138526000901147526000901156526000901165526000901174526000901183526000901192526000901201526000901210526000901219526000901228526000901237526000801246526000801254526000801262526000801270526000801278526000801286526000801294526000801302526000801310526000801318526000801326526000801334526000801342526000801350526000801358526000801366526000801374526000801382526000801390526000801398526000801406526000801414526000801422526000801430526000801438526000801446526000801454526000801462526000801470526000801478526000801486526000801494526000801502526000801510526000801518541001601526650002701542650002801569650003001597650004501627910002801672942001401700949013001714994001401844596000601858999017101864980005502035952018502090PE-LiUPU20250813185644.0150511s2013    ck a    rb    000 0 spa d  a9789587621365  a(Sirsi) i9789587621365  aCO-BoBLAbspacCO-BoBLAdPE-LiUPUerda  aPRUA04a371.3bO272201 aOrtiz Ocaña, Alexander Luis,eautor.10aModelos pedagógicos y teorías del aprendizaje /cAlexander Ortiz Ocaña.  aPrimera edición. 1aBogotá, Colombia :bEdiciones de la U,c2013.  a159páginas :bilustraciones ;c21 centímetros  atext2rdacontent  aunmediated2rdamedia  avolume2rdacarrier0 aEducación  aBibliografía: páginas 145-149.0 aAplicaciones de las teorías del aprendizaje en los modelos pedagógicos -- Conceptualizacióny caracterización del término modelo pedagógico -- Modelos pedagógico contenporáneo -- Hacia una nuev clasificación de los modelos pedagógicos -- Metodología para la elaboración del modelo pedagógico de la institución educativa.  aP202  aP201  aP163  aP162  aP161  aP160  aP148  aP147  aP146  aP145  aP144  aP143  aP142  aP141  aP140  aP139  aP138  aP137  aP136  aP135  aP134  aP133  aP129  aP128  aP127  aP120  aP119  aP118  aP116  aP115  aP114  aP110  aP109  aP108  aP104  aP103  aP102  aP99  aP98  aP97  aP96  aP95  aP93  aP90  aP89  aP88  aP83  aP82  aP62  aP59  aP58  aP57  aP51  aP49  aP48  aP47  aP29  aP24  aP20  aP19  aP17  aP15  aP14  aP12  aP10  aP09  aP08  aP07  aP06  aP05  aP04  aP01  g001-002617;  aModelos de enseñanza 4aAprendizajevTeorías. 4aMétodos de enseñanza.04aModelos de enseñanzaxClasificación.  arlmbrlmcrlmd20150511  2ddccBOOK  a371.3 O27wDEWEYc1i70958lCCODEBUL1mBULp18.75r0sYtBOOKu2015-5-11xEDUCACIONPP070COMPRAo.STAFF. Colección General  aC0bPEPRU  a1  a371.3 O27wDEWEYc59302i70958d59302e2017-5-8f2021-11-8g5lCCODEBUL1mBULn1p18.75q2r0sYtBOOKu2015-5-11xEDUCACIONPP070COMPRAo.STAFF. Colección General  81gALBERTO SANCHEZ Responsable de Automatización  r2025-12-02 00:00:00i6l1o371.3 O27p70958s2017-05-08te1v23.75w2015-05-11xFACIHEDyBKzinventario-2023-12-13102ddc50708GENfP07aBULbBULcGENd2015-05-11eCOMPRAg18.75